Movies Quiz

Random Movies or Disney Quiz

Menken or Fakin'? Quiz Stats

 Plays Quiz not verified by Sporcle

Score 0/13 Timer 02:00
0 Plays Today
% Correct
The Little Mermaid
81.3%
Beauty and the Beast
78.9%
Aladdin
77.8%
The Hunchback of Notre Dame
74.6%
Pocahontas
72.7%
Hercules
72.5%
Enchanted
60.6%
Tangled
58.9%
Little Shop of Horrors
55.5%
Newsies
55.1%
Home on the Range
50.3%
The Shaggy Dog
38.3%
Sausage Party
36.8%

You're not logged in!

Compare scores with friends on all Sporcle quizzes.
OR
Log In

Show Comments

Extras

Top Quizzes Today


Score Distribution

Your Account Isn't Verified!

In order to create a playlist on Sporcle, you need to verify the email address you used during registration. Go to your Sporcle Settings to finish the process.

Report this User

Report this user for behavior that violates our Community Guidelines.

Details: